00330pab a2200121 454500008004000000100002000040245007700060260000900137300001300146362001200159650002100171773001600192180718b2003 xxu||||| |||| 00| 0 eng d aJoshi, Ravikant aMunicipal debt management: innovations by Vadodara Municipal Corporation c2003 ap.23-38. aJan-Jun aLocal government aUrban India